The Politics of Intervention

Shranjeno v:
Bibliografske podrobnosti
Format: Texto
Izdano: Washington, D.C.: Westview Press
Oznake: Označite
Brez oznak, prvi označite!

MARC

LEADER 00000 a a2200000 04500
001 24329
003
040
090 |a 172600  
245 |a The Politics of Intervention  
260 |a Washington, D.C.:   |b Westview Press  
300 |a 497 p.  
999 |c 17110  |d 17110